Liberación del comercio durante la crisis económica: las experiencias de Argentina, Chile y México /
Guardat en:
| Autor principal: | |
|---|---|
| Format: | Text |
| Matèries: | |
| Etiquetes: |
Afegir etiqueta
Sense etiquetes, Sigues el primer a etiquetar aquest registre!
|
MARC
| LEADER | 00000 a a2200000 04500 | ||
|---|---|---|---|
| 001 | 177 | ||
| 003 | |||
| 040 | |||
| 100 | |a Zulawska, Urszula | ||
| 245 | |a Liberación del comercio durante la crisis económica: las experiencias de Argentina, Chile y México / |c Urszula Zulawska | ||
| 650 | |a LIBERALISMO | ||
| 650 | |a COMERCIO | ||
| 650 | |a RECESION ECONOMICA | ||
| 650 | |a ARGENTINA | ||
| 650 | |a CHILE | ||
| 650 | |a MEXICO | ||
| 773 | |g número 18; páginas 65-80 | ||
| 999 | |c 39989 |d 39989 | ||
| 773 | 0 | |0 18809 |9 3211 |a Universidad de Varsovia |d Varsovia, Polonia: Universidad de Varsovia. Facultad de Geografía y Estudios Regionales, 1984- |o 03603 |t Actas Latinoamericanas de Varsovia/ |w (cru CIDCACS/IIS)36121 | |
